000 01208 a2200217 4500
003 Nust
005 20251111143205.0
010 _a 96002345
020 _a8120312376
040 _cNust
082 0 0 _a629.83,OGA
100 1 _aOgata, Katsuhiko.
245 1 0 _aModern control engineering /
_cKatsuhiko Ogata.
250 _a3rd ed.
260 _aUpper Saddle River, N.J. :
_bPrentice Hall,
_cc1997.
300 _axi, 997 p. :
_bill. ;
_c24 cm.
505 _aIntroduction to Control Systems (Page-1), The Laplace Transform (Page-13), Mathematical Modeling of Dynamic Systems (Page-57), Transient-Response Analysis (Page-134), Basic Control Actions and Response of Control Systems (Page-211), Root-Locus Analysis (Page-317), Control Systems Design by The Root-Locus Method (Page-404), Frequency Response Analysis (Page-471), Control Systems Design by Frequency Response (Page-609), PID Controls and Introduction to Robust Control (Page-669), Analysis of Control Systems in State Space (Page-710), Design of Control Systems in State Space (Page-786), Liapunove Stability Analysis and Quadratic Optimal Control (Page-896).
650 0 _aAutomatic control.
650 0 _aControl theory.
942 _2ddc
_cBK
999 _c189077
_d189077